Central Library OPAC University of Rajshahi

An introduction to latent variable models / (Record no. 53032)

MARC details
000 -LEADER
fixed length control field 00802nam a2200253 a 4500
001 - CONTROL NUMBER
control field 53032
003 - CONTROL NUMBER IDENTIFIER
rucl marc code BD-RjUL
005 - DATE AND TIME OF LATEST TRANSACTION
control field 20211209075910.0
008 - FIXED-LENGTH DATA ELEMENTS--GENERAL INFORMATION
fixed length control field 161002s1984 enka b 001 0 eng
020 ## - INTERNATIONAL STANDARD BOOK NUMBER
International Standard Book Number 0412253100
035 ## - SYSTEM CONTROL NUMBER
System control number (BD-RjUL)53152
040 ## - CATALOGING SOURCE
Original cataloging agency DLC
Transcribing agency DLC
Modifying agency DLC
-- BD-RjUL
Language of cataloging eng
041 ## - LANGUAGE CODE
Language code of text/sound track or separate title eng
082 00 - DEWEY DECIMAL CLASSIFICATION NUMBER
Edition number 23
Classification number 519.535
Author mark and year EVI 1984
100 1# - MAIN ENTRY--PERSONAL NAME
Personal name Everitt, Brian.
9 (RLIN) 158497
245 13 - TITLE STATEMENT
Title An introduction to latent variable models /
Statement of responsibility, etc. B.S. Everitt.
260 ## - PUBLICATION, DISTRIBUTION, ETC. (IMPRINT)
Place of publication, distribution, etc. London ;
-- New York :
Name of publisher, distributor, etc. Chapman and Hall,
Date of publication, distribution, etc. 1984.
300 ## - PHYSICAL DESCRIPTION
Pagination vi, 107 p. :
Illustrations ill. ;
Size 23 cm.
500 ## - GENERAL NOTE
General note Includes index.
650 #0 - SUBJECT ADDED ENTRY--TOPICAL TERM
Topical term or geographic name as entry element Latent variables.
9 (RLIN) 158499
830 ## - SERIES ADDED ENTRY--UNIFORM TITLE
Uniform title Monographs on statistics and applied probability
942 ## - ADDED ENTRY ELEMENTS (KOHA)
Source of classification or shelving scheme Dewey Decimal Classification
Koha item type Books
Holdings
Lost status Source of classification or shelving scheme Damaged status Not for loan Collection code Permanent Location Current Location Shelving location Date acquired Source of acquisition Total Checkouts Full call number Date last seen Copy number Koha item type
  Dewey Decimal Classification     Non-fiction Central Library, University of Rajshahi Central Library, University of Rajshahi   14/09/2008 Gift   519.535 EVI 1984 02/10/2016 C-2 Books
  Dewey Decimal Classification   Not For Loan Non-fiction Central Library, University of Rajshahi Central Library, University of Rajshahi Reading Room 14/09/2008 Administration of R.U.C.L.   519.535 EVI 1984 30/03/2017 C-1 Books